[Event "Junior Online 4NCL Division 1"]
[Site "online"]
[Date "2021.03.18"]
[EventDate "2021.03.18"]
[Round "5.155"]
[White "Zakarian, Dimitrios Levon"]
[WhiteElo "1783"]
[WhiteTeam "Ojays B"]
[Black "Walia, Michael Kanishk"]
[BlackElo "1335"]
[BlackTeam "Edgware Gambits B"]
[Result "1-0"]
[PlyCount "79"]

1. d4 e6 2. Nf3 Nf6 3. c4 d5 4. Nc3 Nbd7 5. Bg5 c6 6. e3 Qa5 7. cxd5 exd5 8. a3 Ne4 9. Rc1 Bd6 10. Bd3 O-O 11. O-O Nxg5 12. Nxg5 h6 13. Nf3 Qd8 14. Bb1 Nf6 15. Ne5 Re8 16. f4 Be6 17. Qd3 c5 18. Nb5 c4 19. Qc2 Be7 20. Nc3 a6 21. a4 b5 22. axb5 axb5 23. Nxb5 Rb8 24. Nc6 Qb6 25. Nxb8 Qxb5 26. f5 Bc8 27. Ba2 Qxb8 28. b3 Bd6 29. h3 Rxe3 30. bxc4 dxc4 31. Qxc4 Bb7 32. Qxf7+ Kh7 33. Rb1 Bh2+ 34. Kh1 Bxg2+ 35. Kxg2 Qg3+ 36. Kh1 Re2 37. Qg6+ Qxg6 38. fxg6+ Kxg6 39. Bc4 Rc2 40. Bd3+ {[W: 0:00:51; B: 0:01:14]} 1-0

[Event "Junior Online 4NCL Division 1"]
[Site "online"]
[Date "2021.03.18"]
[EventDate "2021.03.18"]
[Round "5.156"]
[White "Barbier-Ramaiah, Riya Aude"]
[WhiteElo "1327"]
[WhiteTeam "Edgware Gambits B"]
[Black "Murawski, Pawel"]
[BlackElo "1687"]
[BlackTeam "Ojays B"]
[Result "0-1"]
[PlyCount "104"]

1. e4 e5 2. Nf3 Nc6 3. d4 exd4 4. Nxd4 Bc5 5. Be3 Qf6 6. c3 d6 7. Bc4 Nge7 8. O-O Qg6 9. Qd3 Ne5 10. Qe2 Bh3 11. g3 Bxf1 12. Qxf1 Qxe4 13. Nd2 Qg6 14. N2f3 N7c6 15. Nxc6 Nxf3+ 16. Kg2 Nh4+ 17. Kh1 Qe4+ 18. Kg1 Nf3+ 19. Kh1 Qxc6 20. Bxc5 dxc5 21. Bb5 O-O 22. Bxc6 bxc6 23. Qg2 Ne5 24. Re1 Rfe8 25. f4 Ng4 26. Rf1 Re6 27. Qf3 Nf6 28. Qf2 Ne4 29. Qc2 Rae8 30. Kg1 Nf6 31. Rd1 Ng4 32. h3 Ne3 33. Qd3 Nxd1 34. Qxd1 Re1+ 35. Qxe1 Rxe1+ 36. Kf2 Rb1 37. b3 Rb2+ 38. Kf3 Rxa2 39. Kg4 Rc2 40. b4 Rxc3 41. bxc5 Rxc5 42. Kf3 Rd5 43. Ke4 a5 44. Kf3 a4 45. Kg4 a3 46. f5 a2 47. Kg5 a1=Q 48. h4 Qd4 49. g4 h6+ 50. Kh5 g6+ 51. Kxh6 Qf4+ 52. g5 Qxh4# {[W: 0:00:50; B: 0:06:36]} 0-1

[Event "Junior Online 4NCL Division 1"]
[Site "online"]
[Date "2021.03.18"]
[EventDate "2021.03.18"]
[Round "5.157"]
[White "Turner, Ben"]
[WhiteElo "1607"]
[WhiteTeam "Ojays B"]
[Black "Joshi, Aarav"]
[BlackElo "1323"]
[BlackTeam "Edgware Gambits B"]
[Result "1/2-1/2"]
[PlyCount "99"]

1. d4 Nf6 2. c4 e6 3. Nc3 Bb4 4. Nf3 O-O 5. a3 Bxc3+ 6. bxc3 b6 7. Bg5 d6 8. e4 Nbd7 9. e5 h6 10. exf6 hxg5 11. fxg7 Kxg7 12. Qd2 f6 13. h4 Rh8 14. Bd3 g4 15. Ng1 Bb7 16. f3 gxf3 17. gxf3 Kf7 18. h5 Ke7 19. Kf2 Qg8 20. Ne2 Qf7 21. Bg6 Qg7 22. Rag1 Qh6 23. Qxh6 Rxh6 24. Rg3 Rg8 25. Nf4 Ba6 26. d5 Bxc4 27. dxe6 Bxe6 28. Re1 Nc5 29. Bf5 Rxg3 30. Kxg3 Kf7 31. Bxe6+ Nxe6 32. Nxe6 Rxh5 33. Nxc7 Rg5+ 34. Kf4 a5 35. c4 Rc5 36. Nd5 Rxc4+ 37. Re4 Rxe4+ 38. Kxe4 b5 39. Nc7 b4 40. axb4 axb4 41. Kd4 b3 42. Kc3 Kg6 43. Kxb3 Kf5 44. Nb5 Kf4 45. Nd4 Ke3 46. Kc3 d5 47. Ne6 Kxf3 48. Kd4 f5 49. Kxd5 f4 50. Nxf4 {[W: 0:03:40; B: 0:06:44]} 1/2-1/2

[Event "Junior Online 4NCL Division 1"]
[Site "online"]
[Date "2021.03.18"]
[EventDate "2021.03.18"]
[Round "5.158"]
[White "Shah, Rahul"]
[WhiteElo "1302"]
[WhiteTeam "Edgware Gambits B"]
[Black "Hertog, Alexander"]
[BlackElo "1593"]
[BlackTeam "Ojays B"]
[Result "0-1"]
[PlyCount "96"]

1. d4 c6 2. c4 d5 3. Nf3 Bg4 4. e3 e6 5. Nc3 Nf6 6. cxd5 exd5 7. Be2 Bb4 8. Qb3 Bxc3+ 9. bxc3 Qc7 10. Ba3 Nbd7 11. O-O Rb8 12. Rfe1 a6 13. Rac1 c5 14. c4 dxc4 15. Qxc4 b5 16. Qc2 c4 17. e4 Qb6 18. d5 b4 19. Bb2 c3 20. Ba1 O-O 21. Rcd1 Rfe8 22. Bd3 Ne5 23. Qe2 Nxd5 24. Qc2 Nf4 25. Nxe5 Bxd1 26. Nd7 Bxc2 27. Nxb6 Nxd3 28. Re3 Rxb6 29. Re2 Ba4 30. f3 c2 31. Rxc2 Bxc2 32. Kf1 b3 33. axb3 Rxb3 34. Ke2 a5 35. Kd2 Nb4 36. Bc3 Rxc3 37. Kxc3 Rc8+ 38. Kb2 a4 39. Kc1 a3 40. Kd2 a2 41. e5 a1=Q 42. f4 Qd4+ 43. Ke2 Bd3+ 44. Kf3 Qe4+ 45. Kg4 Be2+ 46. Kg5 h6+ 47. Kh4 Qxf4+ 48. Kh3 Qg4# {[W: 0:00:55; B: 0:03:37]} 0-1

[Event "Junior Online 4NCL Division 1"]
[Site "online"]
[Date "2021.03.18"]
[EventDate "2021.03.18"]
[Round "5.161"]
[White "Whelan, Joseph"]
[WhiteElo "1703"]
[WhiteTeam "4 Gems"]
[Black "Badacsonyi, Frankie"]
[BlackElo "1727"]
[BlackTeam "Muswell Hill Bishops"]
[Result "0-1"]
[PlyCount "112"]

1. e4 e6 2. d4 d5 3. Nc3 Bb4 4. e5 Ne7 5. Nf3 c5 6. Bd3 Nbc6 7. O-O cxd4 8. Nb5 Bc5 9. Bg5 a6 10. Bxe7 Qxe7 11. Nd6+ Bxd6 12. exd6 Qxd6 13. Be2 e5 14. Re1 O-O 15. c3 dxc3 16. bxc3 Bg4 17. Bd3 Bxf3 18. gxf3 Rad8 19. Kh1 f5 20. Rg1 e4 21. fxe4 fxe4 22. Qg4 Qf6 23. Be2 Ne5 24. Qg3 Ng6 25. Bh5 Qe5 26. Bxg6 Qxg3 27. Rxg3 hxg6 28. Rxg6 Rxf2 29. Rag1 Rf7 30. h4 Kf8 31. h5 e3 32. Re1 Re8 33. Rg3 e2 34. Kg2 Rf5 35. Rf3 Rxf3 36. Kxf3 Kf7 37. a4 Kf6 38. Kf4 Re4+ 39. Kf3 Kg5 40. Rg1+ Kxh5 41. Rh1+ Kg6 42. Rg1+ Kf6 43. Re1 g5 44. Rxe2 Rxe2 45. Kxe2 Kf5 46. Kf3 b5 47. axb5 axb5 48. Ke3 g4 49. Kd4 g3 50. Ke3 Kg4 51. Ke2 Kh3 52. Kd3 g2 53. Kd4 g1=Q+ 54. Kxd5 Qg4 55. Kc5 Qc4+ 56. Kb6 Qxc3 {[W: 0:05:59; B: 0:07:22]} 0-1

[Event "Junior Online 4NCL Division 1"]
[Site "online"]
[Date "2021.03.18"]
[EventDate "2021.03.18"]
[Round "5.162"]
[White "Bird, Max"]
[WhiteElo "1572"]
[WhiteTeam "Muswell Hill Bishops"]
[Black "Gogia, Abeer"]
[BlackElo "1493"]
[BlackTeam "4 Gems"]
[Result "1/2-1/2"]
[PlyCount "81"]

1. c4 e6 2. d4 d5 3. Nc3 c5 4. dxc5 d4 5. Ne4 Bxc5 6. Nxc5 Qa5+ 7. Bd2 Qxc5 8. e3 Nf6 9. Nf3 dxe3 10. Bxe3 Qc7 11. Be2 O-O 12. O-O Nc6 13. Rc1 Rd8 14. Qb3 Bd7 15. Rfd1 h6 16. a3 Rac8 17. Bd2 b6 18. Bb4 Be8 19. Bc3 Qe7 20. Rxd8 Rxd8 21. Rd1 Rd7 22. Rxd7 Bxd7 23. Bxf6 Qxf6 24. Qc2 Nd4 25. Nxd4 Qxd4 26. Qd1 Qxd1+ 27. Bxd1 Kf8 28. Kf1 Ke7 29. Ke2 Kd6 30. Kd3 Bc6 31. g3 a5 32. Be2 g5 33. Bh5 f6 34. Be2 e5 35. b4 Bd7 36. bxa5 bxa5 37. Kc3 Kc5 38. Bf3 Be6 39. Be2 Bf7 40. Bd3 Be6 41. Be2 {[W: 0:03:07; B: 0:02:09]} 1/2-1/2

[Event "Junior Online 4NCL Division 1"]
[Site "online"]
[Date "2021.03.18"]
[EventDate "2021.03.18"]
[Round "5.163"]
[White "Rizvi, Zara"]
[WhiteElo "1333"]
[WhiteTeam "4 Gems"]
[Black "Badacsonyi, Stanley"]
[BlackElo "1480"]
[BlackTeam "Muswell Hill Bishops"]
[Result "0-1"]
[PlyCount "42"]

1. d4 Nf6 2. c4 g6 3. Nc3 Bg7 4. Nf3 d6 5. e4 O-O 6. Be2 e5 7. d5 a5 8. O-O Na6 9. Bg5 h6 10. Bxf6 Qxf6 11. a3 Bd7 12. Rb1 c5 13. Na4 Qd8 14. Nc3 f5 15. Bd3 f4 16. Qd2 g5 17. g4 Bxg4 18. Qe2 Qe8 19. Rfe1 Qh5 20. Kg2 Qh3+ 21. Kg1 Bxf3 {[W: 0:00:45; B: 0:05:25]} 0-1

[Event "Junior Online 4NCL Division 1"]
[Site "online"]
[Date "2021.03.18"]
[EventDate "2021.03.18"]
[Round "5.164"]
[White "Burnton, Joshua"]
[WhiteElo "1472"]
[WhiteTeam "Muswell Hill Bishops"]
[Black "Rizvi, Aysha"]
[BlackElo "1305"]
[BlackTeam "4 Gems"]
[Result "1-0"]
[PlyCount "53"]

1. e4 c5 2. Nf3 d6 3. d4 cxd4 4. Nxd4 Nf6 5. Nc3 g6 6. Bc4 Bg7 7. O-O O-O 8. f4 Nbd7 9. Be3 Nc5 10. Nb3 Ncxe4 11. Nxe4 Nxe4 12. Bd4 Qc7 13. Bxg7 Kxg7 14. Qd4+ Nf6 15. f5 Bxf5 16. c3 a6 17. Nd2 Rac8 18. Be2 Kg8 19. Bd3 Bxd3 20. Qxd3 Qc5+ 21. Kh1 Ng4 22. Ne4 Qb6 23. Qh3 Ne3 24. Qh6 Nxf1 25. Ng5 Rfd8 26. Qxh7+ Kf8 27. Qh8# {[W: 0:04:26; B: 0:00:31]} 1-0

[Event "Junior Online 4NCL Division 1"]
[Site "online"]
[Date "2021.03.18"]
[EventDate "2021.03.18"]
[Round "5.165"]
[White "Badacsonyi, Frankie"]
[WhiteElo "1727"]
[WhiteTeam "Muswell Hill Bishops"]
[Black "Whelan, Joseph"]
[BlackElo "1703"]
[BlackTeam "4 Gems"]
[Result "1-0"]
[PlyCount "97"]

1. d4 c5 2. d5 d6 3. Nc3 Nf6 4. e4 e6 5. Bb5+ Bd7 6. a4 a6 7. Bxd7+ Qxd7 8. Bg5 Be7 9. Nf3 e5 10. Nd2 O-O 11. a5 h6 12. Be3 Bd8 13. Nc4 Qe7 14. O-O Nbd7 15. Qe2 b5 16. axb6 Bxb6 17. Nxb6 Nxb6 18. Rxa6 Rxa6 19. Qxa6 Nbd7 20. f3 Qd8 21. Qxd6 Qb6 22. Qxb6 Nxb6 23. Bxc5 Rb8 24. Bxb6 Rxb6 25. Na4 Rb4 26. b3 Rd4 27. Rc1 Nh5 28. g3 Nf6 29. c4 Nd7 30. c5 Kf8 31. c6 Ke8 32. cxd7+ Kxd7 33. Nc5+ Kd6 34. Rc3 Rd1+ 35. Kg2 Rd2+ 36. Kh3 Rd4 37. Na6 Rd2 38. b4 Ra2 39. b5 f5 40. Rb3 Rxa6 41. bxa6 fxe4 42. fxe4 g5 43. a7 h5 44. a8=Q g4+ 45. Kg2 Kc5 46. Qa4 Kd6 47. Qc6+ Ke7 48. Rb7+ Kd8 49. Qd7# {[W: 0:07:57; B: 0:05:13]} 1-0

[Event "Junior Online 4NCL Division 1"]
[Site "online"]
[Date "2021.03.18"]
[EventDate "2021.03.18"]
[Round "5.166"]
[White "Gogia, Abeer"]
[WhiteElo "1493"]
[WhiteTeam "4 Gems"]
[Black "Bird, Max"]
[BlackElo "1572"]
[BlackTeam "Muswell Hill Bishops"]
[Result "1/2-1/2"]
[PlyCount "40"]

1. e4 c6 2. d4 d5 3. exd5 cxd5 4. c4 Nf6 5. Nc3 e6 6. Nf3 Nc6 7. c5 Be7 8. Be2 O-O 9. O-O h6 10. Bf4 Bd7 11. Qd2 Ne4 12. Qd3 Nxc3 13. Qxc3 Bf6 14. Rac1 Ne7 15. Qd3 a6 16. Qd2 Nc6 17. Rfd1 Qa5 18. Qxa5 Nxa5 19. Bd6 Rfc8 20. h3 Nc6 {[W: 0:06:54; B: 0:08:28]} 1/2-1/2

[Event "Junior Online 4NCL Division 1"]
[Site "online"]
[Date "2021.03.18"]
[EventDate "2021.03.18"]
[Round "5.167"]
[White "Badacsonyi, Stanley"]
[WhiteElo "1480"]
[WhiteTeam "Muswell Hill Bishops"]
[Black "Rizvi, Zara"]
[BlackElo "1333"]
[BlackTeam "4 Gems"]
[Result "1-0"]
[PlyCount "33"]

1. d4 d5 2. Nc3 Nf6 3. Bf4 a6 4. e3 e6 5. Nf3 Be7 6. Bd3 O-O 7. O-O c5 8. dxc5 Bxc5 9. Re1 Nc6 10. Qe2 b6 11. Rad1 d4 12. exd4 Nxd4 13. Nxd4 Bxd4 14. Be5 Bxc3 15. Bxc3 Bb7 16. Bxh7+ Nxh7 17. Rxd8 {[W: 0:09:15; B: 0:04:44]} 1-0

[Event "Junior Online 4NCL Division 1"]
[Site "online"]
[Date "2021.03.18"]
[EventDate "2021.03.18"]
[Round "5.168"]
[White "Rizvi, Aysha"]
[WhiteElo "1305"]
[WhiteTeam "4 Gems"]
[Black "Burnton, Joshua"]
[BlackElo "1472"]
[BlackTeam "Muswell Hill Bishops"]
[Result "0-1"]
[PlyCount "50"]

1. d4 Nf6 2. Nc3 d5 3. Bf4 c6 4. e3 Bf5 5. Bd3 Bxd3 6. Qxd3 e6 7. O-O-O Nbd7 8. Nf3 Bb4 9. Ne5 O-O 10. Rdg1 c5 11. g4 c4 12. Qd2 Ne4 13. Qe1 Bxc3 14. bxc3 Nxe5 15. Bxe5 Qa5 16. h4 Qa3+ 17. Kd1 Nxc3+ 18. Kd2 Ne4+ 19. Kd1 Qxa2 20. g5 Qb1+ 21. Ke2 Qxc2+ 22. Kf1 Nd2+ 23. Ke2 Qd3+ 24. Kd1 Nb3+ 25. Qd2 Qxd2# {[W: 0:04:15; B: 0:07:07]} 0-1

[Event "Junior Online 4NCL Division 1"]
[Site "online"]
[Date "2021.04.01"]
[EventDate "2021.04.01"]
[Round "6.11"]
[White "Ismail, Mohammed Aayan"]
[WhiteElo "2108"]
[WhiteTeam "KJCA Young Kestrels A"]
[Black "Madhavan, Sanjith"]
[BlackElo "1675"]
[BlackTeam "East Kilbride Knights"]
[Result "1-0"]
[PlyCount "71"]

1. Nf3 Nf6 2. c4 g6 3. Nc3 Bg7 4. g3 O-O 5. Bg2 c5 6. O-O d6 7. d4 cxd4 8. Nxd4 Qc7 9. b3 a6 10. Bg5 Nc6 11. Bxf6 Bxf6 12. Nd5 Qd8 13. Nxf6+ exf6 14. Nxc6 bxc6 15. Bxc6 Ra7 16. Qd4 Rc7 17. Bg2 Bb7 18. Rfd1 Bxg2 19. Kxg2 Rd7 20. c5 Qa8+ 21. Qd5 Qc8 22. cxd6 Rfd8 23. Rac1 Qb8 24. Rc6 Qb7 25. Kg1 Kg7 26. e4 a5 27. Qc5 h5 28. Rd4 Qa8 29. Rc7 Qa6 30. e5 fxe5 31. Qxe5+ Kh7 32. Rxd7 Rxd7 33. g4 h4 34. g5 Kg8 35. Rxh4 f6 36. Qe6+ {[W: 0:00:47; B: 0:04:28]} 1-0

[Event "Junior Online 4NCL Division 1"]
[Site "online"]
[Date "2021.04.01"]
[EventDate "2021.04.01"]
[Round "6.12"]
[White "Shrestha, Unnabh"]
[WhiteElo "1494"]
[WhiteTeam "East Kilbride Knights"]
[Black "Ratnesan, Rajeiv"]
[BlackElo "2016"]
[BlackTeam "KJCA Young Kestrels A"]
[Result "0-1"]
[PlyCount "83"]

1. d4 b6 2. Bf4 Bb7 3. e3 e6 4. Bd3 d5 5. Nf3 Bd6 6. Bg3 Nf6 7. c3 c5 8. Nbd2 Nc6 9. Bxd6 Qxd6 10. h3 O-O 11. O-O cxd4 12. exd4 e5 13. dxe5 Nxe5 14. Nxe5 Qxe5 15. Re1 Qc7 16. Rc1 Rad8 17. Nf3 h6 18. Qa4 a6 19. Re3 Ne4 20. Rd1 b5 21. Qb4 Nd6 22. Qb3 Nc4 23. Re2 Rfe8 24. Nd4 Qf4 25. Rde1 Rxe2 26. Rxe2 Bc8 27. Qc2 Ne5 28. Re3 Kf8 29. Qe2 Nc4 30. b3 Nxe3 31. Qxe3 Qxe3 32. fxe3 Be6 33. Kf2 Rc8 34. Ne2 Ke7 35. a3 Kd6 36. Kf3 d4 37. exd4 Bxb3 38. Kf4 Bc4 39. Bxc4 Rxc4 40. Ke4 Ra4 41. Kd3 Rxa3 42. Ke4 {[W: 0:00:12; B: 0:07:43]} 0-1

[Event "Junior Online 4NCL Division 1"]
[Site "online"]
[Date "2021.04.01"]
[EventDate "2021.04.01"]
[Round "6.13"]
[White "Bansal, Saahil"]
[WhiteElo "1961"]
[WhiteTeam "KJCA Young Kestrels A"]
[Black "Tandon, Ashley"]
[BlackElo "1353"]
[BlackTeam "East Kilbride Knights"]
[Result "1-0"]
[PlyCount "59"]

1. d4 Nf6 2. c4 c5 3. Nf3 cxd4 4. Nxd4 e5 5. Nb5 Nc6 6. g3 Bb4+ 7. Bd2 O-O 8. Bxb4 Nxb4 9. Bg2 Qa5 10. N5c3 Rb8 11. O-O b6 12. Nd2 Qc5 13. a3 Na6 14. b4 Qe7 15. Nde4 Nxe4 16. Nxe4 Bb7 17. Qd6 Qxd6 18. Nxd6 Bxg2 19. Kxg2 f5 20. Rad1 Nc7 21. Rd2 Rf6 22. Rfd1 a6 23. b5 axb5 24. Nxb5 Nxb5 25. cxb5 Ra8 26. Rxd7 Rxa3 27. Re7 Kf8 28. Rxe5 Ra5 29. Rd7 Rf7 30. Rd8# {[W: 0:05:03; B: 0:01:45]} 1-0

[Event "Junior Online 4NCL Division 1"]
[Site "online"]
[Date "2021.04.01"]
[EventDate "2021.04.01"]
[Round "6.14"]
[White "Pardeshi, Prachi"]
[WhiteElo "754"]
[WhiteTeam "East Kilbride Knights"]
[Black "Joshua Yip, Ben"]
[BlackElo "1785"]
[BlackTeam "KJCA Young Kestrels A"][Result "1/2-1/2"]
[PlyCount "145"]

1. e4 e5 2. Nf3 Nc6 3. Nc3 Nf6 4. d4 exd4 5. Nxd4 Nxd4 6. Qxd4 d6 7. Bf4 Be7 8. e5 dxe5 9. Qxd8+ Bxd8 10. Bxe5 O-O 11. O-O-O Re8 12. f4 Ng4 13. Bd4 Bf6 14. Bxf6 Nxf6 15. Bd3 Bg4 16. Rde1 c6 17. h3 Bd7 18. g4 Rad8 19. f5 h6 20. Ne4 Nd5 21. a3 Nf4 22. Bc4 Re5 23. Rhf1 Nxh3 24. Nd6 Rxe1+ 25. Rxe1 Ng5 26. Nxb7 Re8 27. Rd1 Re4 28. b3 Be8 29. Rd8 Kf8 30. Nd6 Re7 31. Rc8 Ne4 32. Nxe8 Rxe8 33. Rxc6 Nf6 34. Rc7 Re7 35. Rc8+ Re8 36. Rc7 Re7 37. Rxe7 Kxe7 38. Be2 g6 39. fxg6 fxg6 40. c4 h5 41. gxh5 gxh5 42. Bf1 h4 43. c5 Ne4 44. b4 Nf2 45. c6 h3 46. Bxh3 Nxh3 47. b5 Kd6 48. a4 Nf4 49. Kb2 Nd5 50. Kb3 Kc5 51. Ka3 Kb6 52. Kb3 Nf4 53. Kb4 Ne6 54. a5+ Kc7 55. Kc4 Nd8 56. Kd5 Nf7 57. Kc5 Nd8 58. b6+ axb6+ 59. axb6+ Kc8 60. c7 Nb7+ 61. Kc6 Na5+ 62. Kb5 Nb7 63. Ka6 Nd6 64. Ka7 Nb7 65. Ka6 Nd6 66. Ka5 Nb7+ 67. Kb5 Nd6+ 68. Kc6 Nb7 69. Kd5 Na5 70. Kd6 Nb7+ 71. Kc6 Na5+ 72. Kb5 Nb7 73. Ka6 {[W: 0:02:20; B: 0:02:00]} 1/2-1/2

[Event "Junior Online 4NCL Division 1"]
[Site "online"]
[Date "2021.04.01"]
[EventDate "2021.04.01"]
[Round "6.15"]
[White "Madhavan, Sanjith"]
[WhiteElo "1675"]
[WhiteTeam "East Kilbride Knights"]
[Black "Ismail, Mohammed Aayan"]
[BlackElo "2108"]
[BlackTeam "KJCA Young Kestrels A"]
[Result "0-1"]
[PlyCount "40"]

1. e4 c6 2. d4 d5 3. exd5 cxd5 4. Bd3 Nc6 5. c3 Nf6 6. Bf4 e6 7. Nf3 Bd6 8. Ne5 Qc7 9. Qe2 Nd7 10. Nxd7 Bxf4 11. Nc5 O-O 12. h3 e5 13. O-O e4 14. Bc2 Re8 15. Nd2 b6 16. Ncb3 a5 17. a4 Ba6 18. c4 dxc4 19. Nxc4 Nb4 20. Bxe4 Bxc4 {[W: 0:07:10; B: 0:03:38]} 0-1

[Event "Junior Online 4NCL Division 1"]
[Site "online"]
[Date "2021.04.01"]
[EventDate "2021.04.01"]
[Round "6.16"]
[White "Ratnesan, Rajeiv"]
[WhiteElo "2016"]
[WhiteTeam "KJCA Young Kestrels A"]
[Black "Shrestha, Unnabh"]
[BlackElo "1494"]
[BlackTeam "East Kilbride Knights"]
[Result "1-0"]
[PlyCount "107"]

1. Nf3 Nc6 2. g3 b6 3. Bg2 Bb7 4. O-O e6 5. d4 Nge7 6. e4 g6 7. d5 Nb8 8. Qd4 Rg8 9. dxe6 Bg7 10. Qd3 fxe6 11. Nc3 d6 12. Ng5 e5 13. Nxh7 Nbc6 14. Ng5 Qd7 15. Bh3 Qd8 16. Ne6 Qd7 17. Nxg7+ Kd8 18. Bxd7 Kxd7 19. Nf5 gxf5 20. exf5 Raf8 21. f4 Rxf5 22. fxe5 Nxe5 23. Rxf5 Nxd3 24. Rf1 Ne5 25. Bf4 Nf3+ 26. Kf2 Nf5 27. Rae1 Rh8 28. h4 Nxe1 29. Rxe1 Nd4 30. Ne4 Rf8 31. Ng5 Nxc2 32. Rd1 Nb4 33. a3 Nd5 34. Nh3 a5 35. Kg1 Nxf4 36. Nxf4 Rg8 37. Kf2 c5 38. h5 Rf8 39. Ke3 Re8+ 40. Kd2 Bf3 41. Rf1 Bg4 42. Rf2 Rf8 43. Rh2 Rh8 44. h6 Bf5 45. Rh4 Kc6 46. Nh3 Rg8 47. h7 Rh8 48. Ng5 d5 49. g4 Bg6 50. Rh6 Rf8 51. Rxg6+ Kb5 52. Rg8 Rf2+ 53. Kc3 Rf3+ 54. Nxf3 {[W: 0:06:37; B: 0:01:07]} 1-0

[Event "Junior Online 4NCL Division 1"]
[Site "online"]
[Date "2021.04.01"]
[EventDate "2021.04.01"]
[Round "6.17"]
[White "Tandon, Ashley"]
[WhiteElo "1353"]
[WhiteTeam "East Kilbride Knights"]
[Black "Bansal, Saahil"]
[BlackElo "1961"]
[BlackTeam "KJCA Young Kestrels A"]
[Result "0-1"]
[PlyCount "136"]

1. d4 Nf6 2. c4 e6 3. a3 b6 4. Nc3 Bb7 5. Nf3 d5 6. cxd5 Nxd5 7. Bg5 Nxc3 8. bxc3 Be7 9. Bxe7 Qxe7 10. e3 O-O 11. Bd3 Nd7 12. O-O c5 13. Re1 Qf6 14. e4 cxd4 15. cxd4 Rfd8 16. e5 Qf4 17. Be2 Nf8 18. Qd3 Bxf3 19. Bxf3 Rxd4 20. Qc3 Rad8 21. h3 Ng6 22. Qe3 Qxe3 23. Rxe3 Rd3 24. Rae1 Nf4 25. Rxd3 Rxd3 26. Re3 Rxe3 27. fxe3 Ng6 28. Bb7 Nxe5 29. Ba6 Kf8 30. Bb5 Ke7 31. Kf2 Kd6 32. Ke2 Kc5 33. a4 Nc4 34. Be8 Nd6 35. Bd7 a6 36. Kd3 b5 37. axb5 axb5 38. Kc3 h5 39. Kb3 h4 40. Kc3 g5 41. Kd3 Kb6 42. Kc3 Kc7 43. Bxb5 Nxb5+ 44. Kc4 Na3+ 45. Kb3 Kd6 46. Kxa3 Ke5 47. Kb2 Ke4 48. Kc2 Kxe3 49. Kd1 Kf2 50. Kd2 Kxg2 51. Ke2 Kxh3 52. Kf3 g4+ 53. Kf2 g3+ 54. Kg1 g2 55. Kf2 Kh2 56. Kf3 g1=Q 57. Kf4 Qg3+ 58. Ke4 f5+ 59. Kd4 Qf3 60. Ke5 Qg4 61. Kxe6 f4+ 62. Kd5 f3 63. Kc5 f2 64. Kc6 f1=Q 65. Kd6 Qff5 66. Ke7 Qgg6 67. Kd8 Qff7 68. Kc8 Qgg8# {[W: 0:02:18; B: 0:02:54]} 0-1

[Event "Junior Online 4NCL Division 1"]
[Site "online"]
[Date "2021.04.01"]
[EventDate "2021.04.01"]
[Round "6.18"]
[White "Joshua Yip, Ben"]
[WhiteElo "1785"]
[WhiteTeam "KJCA Young Kestrels A"]
[Black "Pardeshi, Prachi"]
[BlackElo "754"]
[BlackTeam "East Kilbride Knights"][Result "1-0"]
[PlyCount "59"]

1. e4 e5 2. Nf3 Nc6 3. Bc4 h6 4. c3 Nf6 5. d3 d6 6. O-O Na5 7. Bb3 Nxb3 8. axb3 Be7 9. Re1 O-O 10. d4 exd4 11. cxd4 Ng4 12. h3 Nf6 13. Nc3 Be6 14. d5 Bd7 15. e5 dxe5 16. Nxe5 Bf5 17. Qf3 g6 18. Bxh6 Re8 19. g4 Bc2 20. g5 Nh5 21. Qxf7+ Kh8 22. Nxg6+ Bxg6 23. Qxg6 Rg8 24. Qxh5 Qe8 25. Qh4 Kh7 26. Rxe7+ Qxe7 27. Bf8+ Kg6 28. Bxe7 Rae8 29. Qh6+ Kf5 30. Qf6# {[W: 0:07:28; B: 0:07:00]} 1-0

[Event "Junior Online 4NCL Division 1"]
[Site "online"]
[Date "2021.04.01"]
[EventDate "2021.04.01"]
[Round "6.21"]
[White "Ray, Hiya"]
[WhiteElo "1902"]
[WhiteTeam "St John's College A"]
[Black "Verma, Shlok"]
[BlackElo "1908"]
[BlackTeam "The Numerators"]
[Result "1-0"]
[PlyCount "63"]

1. d4 d5 2. Nf3 Nf6 3. c4 dxc4 4. g3 e6 5. Bg2 c5 6. O-O Nc6 7. Qa4 Bd7 8. Qxc4 cxd4 9. Nxd4 Rc8 10. Nxc6 Bxc6 11. Bxc6+ Rxc6 12. Qb5 Qc8 13. Nc3 Be7 14. Bf4 O-O 15. Rfd1 a6 16. Qb3 b5 17. Rac1 Nd7 18. Ne4 Nc5 19. Nxc5 Bxc5 20. Qf3 Qa8 21. b4 Bxf2+ 22. Qxf2 Rfc8 23. Rxc6 Qxc6 24. Qd4 h6 25. Qd6 Qe4 26. Qd3 Qxb4 27. Qd7 Rc3 28. Qd8+ Kh7 29. Qd2 Qc5+ 30. Qd4 Qc6 31. Be5 f6 32. Qxc3 {[W: 0:02:52; B: 0:01:10]} 1-0

[Event "Junior Online 4NCL Division 1"]
[Site "online"]
[Date "2021.04.01"]
[EventDate "2021.04.01"]
[Round "6.22"]
[White "Dupuis, Denis K"]
[WhiteElo "1792"]
[WhiteTeam "The Numerators"]
[Black "Chung, Ethan Cheung Jing"]
[BlackElo "1854"]
[BlackTeam "St John's College A"]
[Result "1-0"]
[PlyCount "53"]

1. e4 d5 2. exd5 Nf6 3. Nc3 Nxd5 4. Nxd5 Qxd5 5. Nf3 Bg4 6. Be2 Nc6 7. O-O O-O-O 8. d3 e6 9. Be3 Bd6 10. h3 Bh5 11. Qd2 Ne5 12. Nxe5 Qxe5 13. f4 Qf5 14. g4 Qg6 15. Kh2 Bxg4 16. Bxg4 h5 17. Bf3 e5 18. fxe5 Bxe5+ 19. Bf4 Rhe8 20. Bxe5 Rxe5 21. Qf4 Rf5 22. Qxf5+ Qxf5 23. Bxb7+ Kxb7 24. Rxf5 f6 25. Rxh5 Re8 26. Rg1 g5 27. Rh6 {[W: 0:04:15; B: 0:06:38]} 1-0

[Event "Junior Online 4NCL Division 1"]
[Site "online"]
[Date "2021.04.01"]
[EventDate "2021.04.01"]
[Round "6.23"]
[White "Choudhury, Anish"]
[WhiteElo "1458"]
[WhiteTeam "St John's College A"]
[Black "Agrawal, Shivam"]
[BlackElo "1735"]
[BlackTeam "The Numerators"]
[Result "0-1"]
[PlyCount "40"]

1. e4 c6 2. d4 d5 3. e5 Bf5 4. f4 e6 5. g4 Qh4+ 6. Kd2 Bxg4 7. Be2 Nh6 8. Nf3 Bxf3 9. Bxf3 Qxf4+ 10. Ke2 Qh4 11. Be3 Nf5 12. Bf2 Qd8 13. Nd2 Nd7 14. c4 h5 15. Kd3 dxc4+ 16. Nxc4 b5 17. Nd2 Nxe5+ 18. Ke4 Qd5+ 19. Kf4 Nd3+ 20. Kg5 Be7# {[W: 0:09:21; B: 0:08:18]} 0-1

[Event "Junior Online 4NCL Division 1"]
[Site "online"]
[Date "2021.04.01"]
[EventDate "2021.04.01"]
[Round "6.24"]
[White "Vaidya, Raghav"]
[WhiteElo "1726"]
[WhiteTeam "The Numerators"]
[Black "Swamy, Anshul"]
[BlackElo "1452"]
[BlackTeam "St John's College A"]
[Result "1-0"]
[PlyCount "35"]

1. c4 e5 2. Nc3 Bc5 3. Nf3 Nc6 4. e4 Nf6 5. Nxe5 Bxf2+ 6. Kxf2 Nxe5 7. d4 Neg4+ 8. Kg1 O-O 9. h3 Nh6 10. e5 Ne8 11. Qh5 f6 12. Bxh6 gxh6 13. Qxh6 fxe5 14. Bd3 Qe7 15. Nd5 Qf7 16. Rf1 Qg7 17. Bxh7+ Kh8 18. Rxf8+ {[W: 0:03:45; B: 0:01:42]} 1-0

[Event "Junior Online 4NCL Division 1"]
[Site "online"]
[Date "2021.04.01"]
[EventDate "2021.04.01"]
[Round "6.25"]
[White "Verma, Shlok"]
[WhiteElo "1908"]
[WhiteTeam "The Numerators"]
[Black "Ray, Hiya"]
[BlackElo "1902"]
[BlackTeam "St John's College A"]
[Result "1-0"]
[PlyCount "111"]

1. d4 Nf6 2. c4 g6 3. Nc3 Bg7 4. e4 d6 5. Nge2 O-O 6. Ng3 c5 7. d5 Nbd7 8. Be2 Ne5 9. h4 h5 10. Bg5 Qb6 11. Qd2 Qb4 12. a3 Qb3 13. Bd1 Qxc4 14. Be2 Qb3 15. O-O Nc4 16. Bxc4 Qxc4 17. Rac1 Qb3 18. f4 Bg4 19. e5 dxe5 20. fxe5 Nd7 21. e6 Nf6 22. Bxf6 Bxf6 23. Rxf6 exf6 24. Nge4 Kg7 25. Nxc5 Qb6 26. Ne4 Bf5 27. Nxf6 Kxf6 28. Qd4+ Ke7 29. Rd1 Rad8 30. b4 fxe6 31. Qg7+ Rf7 32. Qe5 Qd6 33. Qe3 Kf8 34. Qh6+ Ke7 35. Qe3 b6 36. Nb7 Qd7 37. d6+ Kf8 38. Nxd8 Qxd8 39. Qh6+ Rg7 40. Qh8+ Rg8 41. Qh6+ Rg7 42. d7 Kf7 43. Qf4 Kg8 44. Qd6 Kh7 45. Qc6 e5 46. Qc8 Rg8 47. Qc3 Qe7 48. Qc7 Rd8 49. Qxa7 Rxd7 50. Rxd7 Qxd7 51. Qxb6 Qd1+ 52. Kh2 Qg4 53. Qc7+ Kh6 54. Qxe5 Qxh4+ 55. Kg1 Qg5 56. Qh8# {[W: 0:00:23; B: 0:03:44]} 1-0